| 000 | 01032cad a22002415a 4500 | ||
|---|---|---|---|
| 001 | L156729 | ||
| 008 | 120702e20120217xxk 000 0 eng d | ||
| 035 | _a(Sirsi) u156729 | ||
| 041 | 0 | _aeng | |
| 100 | 1 | _aLip, Eugenie | |
| 110 | 2 |
_aKPK Research _96091 |
|
| 245 | 0 | 0 |
_aBuilding information modelling _bkey contractual perspectives _h[electronic resource] |
| 260 | _c2012 | ||
| 490 |
_aClient practice note _vJanuary 2012 |
||
| 520 | _aThis paper gives a definition of BIM and explains its uses, then looks at the contractual challenges, design responsibility, discrepancies in contract documents, defects liability and interoperability issues, and intellectual property rights. | ||
| 590 | _aKA NTK | ||
| 651 | 4 | _aSingapore | |
| 651 | 4 | _aInternational | |
| 690 |
_aBIM _96219 |
||
| 700 | 1 | _aQuek, Lilin | |
| 856 | 4 | 0 |
_uhttps://www.kpkqs.com/download/KPK%20Research%20Digest%20-%20BIM%20Key%20Contractual%20Perspectives%20-%20Jan%202012%20-%20KPK%20Website.pdf _zView this paper free of charge at www.kpkqs.com |
| 942 | _n0 | ||
| 999 |
_c84127 _d84127 |
||